The fellowship: (Record no. 6128)

000 -LEADER
fixed length control field 00595nam a2200181 a 4500
001 - CONTROL NUMBER
control field :::00003871$&:&@@
003 - CONTROL NUMBER IDENTIFIER
control field OkBaRHE
005 - DATE AND TIME OF LATEST TRANSACTION
control field 20000607103313.0
008 - FIXED-LENGTH DATA ELEMENTS--GENERAL INFORMATION
fixed length control field s1976 j 000 0 eng u
040 ## - CATALOGING SOURCE
Transcribing agency
100 1# - MAIN ENTRY--PERSONAL NAME
Personal name King, Guy H.
245 14 - TITLE STATEMENT
Title The fellowship:
Remainder of title an expositional study of I John.
260 ## - PUBLICATION, DISTRIBUTION, ETC. (IMPRINT)
Place of publication, distribution, etc Fort Washington, PA., :
Name of publisher, distributor, etc Chrisitian Literature Crusade
Date of publication, distribution, etc 1976
300 ## - PHYSICAL DESCRIPTION
Extent 127 p. ;
Dimensions 21 cm.
650 ## - SUBJECT ADDED ENTRY--TOPICAL TERM
Topical term or geographic name as entry element Bible New Testament 1 John
General subdivision Commentaries
942 ## - ADDED ENTRY ELEMENTS (KOHA)
Source of classification or shelving scheme
Koha item type Books
Copies
Source of classification or shelving scheme Lost status Koha item type Withdrawn status Date last seen Damaged status Permanent Location Shelving location Date acquired Copy number Not for loan Full call number Barcode Price effective from
  Books 2018-04-03 RHEMA Bible Training CollegeGeneral Stacks2010-04-141 BS 2805 .K5F438712010-04-14